000 00905cab a22002055a 4500
001 L147139
008 090406e20090328xxkad f 000 0 eng d
035 _a(Sirsi) u147139
041 0 _aeng
100 1 _aBodley, Matthew
245 0 0 _aTransport costs
260 _c2009
490 _aEstates Gazette
_v(0912) 28 March 2009, 88-90(3)
520 _aFollowing the approval of the Crossrail, the east-west cross-London rail link scheme, considers how landowners and businesses will be compensated. Reveals that property interests at surface level around Paddington, Bond Street, Tottenham Court Road, Farringdon, Liverpool Street and Whitechapel will be significantly affected.
590 _aKA
651 4 _aLondon
690 _aENVIRONMENTAL AND LAND CONSULTANCY-PLANNING AND DEVELOPMENT-COMPULSORY PURCHASE AND COMPENSATION
690 _aPROPERTY-INFRASTRUCTURE-RAIL INFRASTRUCTURE
942 _n0
999 _c81403
_d81403